00270nam a2200121Ia 4500008004100000100001800041245001300059260002800072300000900100650001500109942000700124999001700131190216s9999||||xx |||||||||||||| ||und|| aKumaranasan N 0aVanamala bSarada Book Depotc1925 a166p aKavithakal cBK c23855d23855